Normal view
MARC view
Entry Personal Name
001 - CONTROL NUMBER
- control field: 5659
003 - CONTROL NUMBER IDENTIFIER
- control field: ARRUPE
005 - DATE AND TIME OF LATEST TRANSACTION
- control field: 20131213114619.0
008 - FIXED-LENGTH DATA ELEMENTS
- fixed length control field: 131213|| aca||aabn | a|a d
040 ## - CATALOGING SOURCE
- Original cataloging agency: ARRUPE
- Transcribing agency: ARRUPE
100 ## - HEADING--PERSONAL NAME
- Personal name: Gran, John W.,
- Dates associated with a name: 1920-2008.
670 ## - SOURCE DATA FOUND
- Source citation: Work cat.: (ARRUPE)0: Gran, John W., 1920-2008. 5658, A hand on my shoulder ; vol.1 /, c2004.